Caricamento...

Comparative endocrinology of the invertebrates

Dettagli Bibliografici
Autore principale: Highnam, Kenneth C; Hill, Leonard
Natura: Printed Book
Pubblicazione: Edward Arnold Publishers Ltd., London 1979
Serie:Contemporary Biology
Soggetti:
LEADER 00548nam a2200193 4500
020
082 |a 573.4 HIG-C 
100 |a Highnam, Kenneth C; Hill, Leonard 
245 |a Comparative endocrinology of the invertebrates 
250
260 |a Edward Arnold Publishers Ltd., London  |c 1979 
300
490 |a Contemporary Biology 
500
590 |a PJ 
650 |a Endocrinology 
942 |c BK 
999 |c 90309  |d 90309 
952 |0 0  |1 0  |4 0  |6 573_400000000000000_HIGC  |7 0  |9 103777  |a ZGY  |b ZGY  |l 0  |o 573.4 HIG-C  |p ZGY02845  |r 2019-09-25  |w 2019-09-25  |y BK